[Event "Nouakchott op 3rd"]
[Site "Nouakchott"]
[Date "2012.09.28"]
[Round "4"]
[White "Ahd Jiddou Khlifa, Taleb"]
[Black "Kreiked, Aly Moctar"]
[Result "1/2-1/2"]
[WhiteElo "1736"]
[BlackElo "1833"]
[PlyCount "62"]
[EventDate "2012.09.27"]
[EventType "swiss"]
[EventRounds "7"]
[EventCountry "MAU"]
[SourceTitle "EXT 2014"]
[Source "ChessBase"]
[SourceDate "2013.11.20"]
[SourceVersion "1"]
[SourceVersionDate "2013.11.20"]
[SourceQuality "1"]

1. e4 e5 2. Nf3 Nc6 3. Bc4 Nf6 4. Nc3 Nxe4 5. Bxf7+ Kxf7 6. Nxe4 d5 7. Neg5+ Kg8 8. d3 h6 9. Nh3 Bg4 10. Qd2 d4 11. a3 Qd5 12. Nhg1 Re8 13. h3 e4 14. dxe4 Rxe4+ 15. Ne2 Qh5 16. Qd3 Bf5 17. 0-0 Re3 18. Ng3 Rxf3 19. Nxh5 Bxd3 20. gxf3 Bxf1 21. Kxf1 Bd6 22. Bf4 Ne5 23. Re1 Nxf3 24. Re8+ Kh7 25. Rxh8+ Kxh8 26. Bxd6 cxd6 27. Nf4 Kh7 28. a4 g5 29. Ne6 a5 30. Ke2 d3+ 31. Kxd3 Ng1 1/2-1/2